London Parks Map - Statistics

General Stats
  • This quiz has been taken 399 times
  • The average score is 9 of 20
Answers on the Map
Answers color-coded by a green-red scale on the quiz's map according to % correct below.
 
Answer Stats
% Correct
{Hyde} Park
95%
{Green} Park
81%
The {Regent's} Park
78%
{Richmond} Park
72%
{St} {James} Park
72%
{Hampstead} Heath
62%
{Kensington} Gardens
60%
{Greenwich} Park
57%
{Battersea} Park
54%
{Clapham} Common
48%
{Victoria} Park
48%
{Wimbledon} Common
44%
{Hackney} Marshes
34%
{Bushy} Park
29%
{Crystal} {Palace} Park
20%
{Brockwell} Park
18%
{Alexandra} Park
16%
{Trent} Park
10%
{Mitcham} Common
9%
{Hainault} Forest Country Park
7%
No matching quizzes found
Score Distribution
Percent of People with Each Score
Percentile by Number Answered
Your Score History
You have not taken this quiz